000 00313nam a22001217a 4500
008 170526b xxu||||| |||| 00| 0 eng d
041 _aeng
080 _a621 (075.8)
100 _a25
101 _aIM
245 _aSELECTED VALUES OF THERMODYNAMICS PROPERTIES OF METALS AND ALLOYS
_cHULTGREN, R
942 _2udc
_cBK
999 _c14415
_d14415